Biblioteca "Ernesto Sabato"
Facultad de Derecho y Ciencias Sociales
Facultad de Lenguas
Universidad Nacional del Comahue

The works of Aristotle I y II (Record no. 24334)

MARC details
000 -CABECERA
campo de control de longitud fija 00847cam a22002172a 4500
001 - NÚMERO DE CONTROL
campo de control 018602
003 - IDENTIFICADOR DEL NÚMERO DE CONTROL
campo de control AR-FADEU
008 - DATOS DE LONGITUD FIJA--INFORMACIÓN GENERAL
campo de control de longitud fija 311216n1987####xxu####################dd
092 ## - ASIGNACIÓN LOCAL DE SIGNATURA TOPOGRÁFICA DEWEY (OCLC)
Número de clasificación 031
Número de documento/Ítem G786
Característica del encabezamiento EYDI
245 ## - MENCIÓN DE TÍTULO
Título The works of Aristotle I y II
260 ## - PUBLICACIÓN, DISTRIBUCIÓN, ETC. (PIE DE IMPRENTA)
Lugar de publicación, distribución, etc. Chicago
260 ## - PUBLICACIÓN, DISTRIBUCIÓN, ETC. (PIE DE IMPRENTA)
Nombre del editor, distribuidor, etc. Encyclopedia Britannica, Inc.
260 ## - PUBLICACIÓN, DISTRIBUCIÓN, ETC. (PIE DE IMPRENTA)
Fecha de publicación, distribución, etc. 1987
300 ## - DESCRIPCIÓN FÍSICA
Extensión 2 v
440 ## - MENCIÓN DE SERIE/PUNTO DE ACCESO ADICIONAL--TÍTULO
Título Great books of the western world
Número de parte o sección de la obra 8-9
500 ## - NOTA GENERAL
Nota general Vol. 1 Tom 8. Inv. 01084. Logic (Organon). -- Physical treatises. -- Metaphysics -- On the Soul -- Short physical treatises. -- vol 2 Tomo 9. Inv. 01085. Biological treatises -- Nicomachean ethics -- Politics -- The Athenian constitution -- Rhetoric -- On poetics
546 ## - NOTA DE LENGUA/LENGUAJE
Nota de lengua/lenguaje Inglés
650 ## - PUNTO DE ACCESO ADICIONAL DE MATERIA--TÉRMINO DE MATERIA
Término de materia o nombre geográfico como elemento inicial LITERATURA GRIEGA; LITERATURA CLASICA-GRECIA/EE//REVISADO/
700 ## - PUNTO DE ACCESO ADICIONAL--NOMBRE DE PERSONA
Nombre de persona Robert Maynard, Hutchins, ed.
942 ## - ELEMENTOS DE PUNTO DE ACCESO ADICIONAL (KOHA)
Tipo de ítem Koha EYDI
Holdings
Estado de retiro Estado de pérdida Fuente del sistema de clasificación o colocación Estado dañado No para préstamo Código de colección Localización permanente Ubicación/localización actual Ubicación en estantería Fecha de adquisición Número de inventario Total de préstamos Signatura topográfica completa Código de barras Fecha visto por última vez Precio válido a partir de Tipo de ítem Koha Nota pública
    Dewey Decimal Classification     EYDI Biblioteca Ernesto Sabato - FADECS - UNCOMA Biblioteca Ernesto Sabato - FADECS - UNCOMA EYDI 22/02/2017 01084   031 G786 01084 22/02/2017 22/02/2017 EYDI v. 8
    Dewey Decimal Classification     EYDI Biblioteca Ernesto Sabato - FADECS - UNCOMA Biblioteca Ernesto Sabato - FADECS - UNCOMA EYDI 22/02/2017 01085   031 G786 01085 22/02/2017 22/02/2017 EYDI v. 9
Facultad de Derecho y Ciencias Sociales | Universidad Nacional del Comahue | Mendoza y Perú General Roca | Río Negro CP (8332) | Patagonia Argentina | Teléfono: 54-0298-4433670 | | Fax: 0298-4432093 | Fax alumnos: 0298-4435700